| 000 | 00645nam a22001937a 4500 | ||
|---|---|---|---|
| 005 | 20241009103412.0 | ||
| 010 | _aENG-129608 ENG-141986 | ||
| 020 |
_a978-81-927999-4-0 _c1000.00 |
||
| 035 | _aEN-113140 | ||
| 035 | _aEN-125518 | ||
| 037 | _bDBAD | ||
| 082 | _a616.462 | ||
| 100 |
_aReddy, V Rami _972488 |
||
| 245 |
_aType 2 Diabetes in the Context of Consanguinity-Conjugality, Anthropometry and Clinical Variation/ _cby V. Rami Reddy |
||
| 260 |
_aTirupati _bV.Indira _c2018 |
||
| 270 |
_a8-30,Vidyanagar, _bSvunt colony, Tirupati _e517502 |
||
| 300 |
_a225p. _c26cm(pbk) _bReferences |
||
| 942 |
_2ddc _cEN _h616.462 _mRED |
||
| 999 |
_c180035 _d180035 |
||